[Event "21. Open Internacional de Sants"]
[Site "Barcelona ESP"]
[Date "2009.08.23"]
[Round "3.4"]
[White "Guramishvili, Sopiko"]
[Black "Grigoriants, Sergey"]
[Result "0-1"]
[WhiteElo "2339"]
[BlackElo "2564"]
[PlyCount "60"]
[EventDate "2009.08.21"]
[EventType "swiss"]
[EventRounds "10"]
[EventCountry "ESP"]
[Source "lmi"]
[SourceDate "2009.08.21"]

1. d4 d5 2. Nf3 Nf6 3. g3 c6 4. Bg2 Bf5 5. O-O e6 6. b3 Nbd7 7. c4 Bd6 8. Ba3
Bxa3 9. Nxa3 O-O 10. Nc2 h6 11. Nce1 dxc4 12. bxc4 c5 13. Nd3 Be4 14. dxc5 Qc7
15. Qa4 Nxc5 16. Qa3 Rac8 17. Rfb1 b6 18. Nd4 Bxg2 19. Kxg2 Rfd8 20. Nb5 Qb7+
21. Kg1 a6 22. Nxc5 Rxc5 23. Nc3 Rxc4 24. Rb3 b5 25. Qa5 Qc7 26. Qxc7 Rxc7 27.
a3 Rdc8 28. Na2 Rc2 29. Kf1 Ne4 30. Ke1 Rxa2 0-1

[Event "21. Open Internacional de Sants"]
[Site "Barcelona ESP"]
[Date "2009.08.23"]
[Round "3.5"]
[White "Van Eijk, Sander"]
[Black "Ikonnikov, Vyacheslav"]
[Result "0-1"]
[WhiteElo "2338"]
[BlackElo "2556"]
[PlyCount "120"]
[EventDate "2009.08.21"]
[EventType "swiss"]
[EventRounds "10"]
[EventCountry "ESP"]
[Source "lmi"]
[SourceDate "2009.08.21"]

1. e4 c5 2. Nf3 Nc6 3. d4 cxd4 4. Nxd4 e5 5. Nb5 d6 6. N1c3 a6 7. Na3 Be7 8.
Be3 Nf6 9. Nc4 b5 10. Nb6 Rb8 11. Nxc8 Qxc8 12. Bd3 O-O 13. O-O Bd8 14. Bg5 Nd7
15. Be3 Bb6 16. Bg5 h6 17. Bd2 Nf6 18. a4 b4 19. Nd5 Nxd5 20. exd5 Ne7 21. a5
Bc5 22. Qe2 Nxd5 23. Bxa6 Qc6 24. Bd3 Nf6 25. Rfe1 d5 26. Bf5 Rfe8 27. Qf3 e4
28. Qh3 d4 29. Bf4 Bd6 30. Bxd6 Qxd6 31. Qb3 Re5 32. Bh3 Ra8 33. a6 Rxa6 34.
Rxa6 Qxa6 35. Qxb4 Qa7 36. g3 e3 37. f4 Re8 38. Bf5 g6 39. Bd3 Ng4 40. Qb5 Qa8
41. Bc4 Rd8 42. Qb6 Kg7 43. Qc7 Rf8 44. Rf1 Nf2 45. Qe5+ Kh7 46. Rxf2 exf2+ 47.
Kxf2 Qd8 48. b3 Re8 49. Qd5 Qxd5 50. Bxd5 Kg7 51. Bc4 f5 52. h4 Kf6 53. b4 h5
54. b5 Rc8 55. Bd3 Ke6 56. Ke2 Kd5 57. Kf2 Kc5 58. Kf3 Re8 59. Kf2 Re3 60. Be2
Rc3 0-1

[Event "21. Open Internacional de Sants"]
[Site "Barcelona ESP"]
[Date "2009.08.23"]
[Round "3.6"]
[White "Kunin, Vitaly"]
[Black "Sowray, Peter J"]
[Result "1-0"]
[WhiteElo "2532"]
[BlackElo "2335"]
[PlyCount "145"]
[EventDate "2009.08.21"]
[EventType "swiss"]
[EventRounds "10"]
[EventCountry "ESP"]
[Source "lmi"]
[SourceDate "2009.08.21"]

1. d4 f5 2. Nc3 Nf6 3. Bg5 d5 4. f3 Nc6 5. Qd2 e6 6. O-O-O Bb4 7. a3 Ba5 8. Qd3
O-O 9. Na4 Qe7 10. Kb1 e5 11. dxe5 Qxe5 12. Nh3 d4 13. e3 dxe3 14. Qxe3 Qxe3
15. Bxe3 Re8 16. Bg5 Ne5 17. Bxf6 gxf6 18. Rd5 Bb6 19. Nxb6 axb6 20. Rd2 Be6
21. Nf4 Bf7 22. Be2 c6 23. Rhd1 b5 24. Rd6 Ra4 25. Nh3 Kg7 26. Rd8 Re7 27. Bd3
Nxd3 28. R8xd3 Bd5 29. Kc1 Rh4 30. Rd4 Rh6 31. Rf1 Kf7 32. Kd2 Re5 33. Rf2 Ke7
34. Rf4 Kd6 35. a4 bxa4 36. Rxa4 c5 37. Ra8 Bc6 38. Ra3 Rh4 39. Re2 Bb5 40.
Rxe5 fxe5 41. Ke3 Rb4 42. b3 f4+ 43. Kf2 Rd4 44. Ke1 Bd7 45. Nf2 Bf5 46. c3 Rd5
47. Ra2 Ke6 48. Ke2 Rd6 49. g3 Rb6 50. Rb2 Kd5 51. g4 Bg6 52. h4 h6 53. h5 Bh7
54. c4+ Kd4 55. Nd1 Bd3+ 56. Kd2 Rd6 57. Nc3 Bxc4 58. bxc4 Kxc4+ 59. Kc2 b6 60.
Rb1 b5 61. Rxb5 Ra6 62. Rb8 Ra3 63. Ne4 Kd4 64. Rd8+ Ke3 65. Nd2 Ra2+ 66. Kc3
Ra3+ 67. Kc4 Ra1 68. Kxc5 Rc1+ 69. Kb4 Rg1 70. Kc3 Rc1+ 71. Kb2 Rg1 72. Kc2 e4
73. Re8 1-0

[Event "21. Open Internacional de Sants"]
[Site "Barcelona ESP"]
[Date "2009.08.23"]
[Round "3.7"]
[White "Lorenzo De La Riva, Lazaro"]
[Black "Alsina Leal, Daniel"]
[Result "0-1"]
[WhiteElo "2331"]
[BlackElo "2529"]
[PlyCount "126"]
[EventDate "2009.08.21"]
[EventType "swiss"]
[EventRounds "10"]
[EventCountry "ESP"]
[Source "lmi"]
[SourceDate "2009.08.21"]

1. d4 Nf6 2. Nf3 d5 3. c4 c6 4. Nc3 e6 5. Bg5 h6 6. Bh4 dxc4 7. e4 g5 8. Bg3 b5
9. Be2 Bb7 10. O-O Nbd7 11. Ne5 Bg7 12. Nxd7 Nxd7 13. Bd6 a6 14. Re1 Bf8 15.
Bxf8 Kxf8 16. b3 cxb3 17. Qxb3 Kg7 18. a4 Qe7 19. d5 b4 20. dxe6 fxe6 21. Qb2
Kh7 22. e5 Rhf8 23. Qc2+ Kh8 24. Ne4 c5 25. Nd6 Bd5 26. Bc4 Bxc4 27. Nxc4 Rf4
28. Rad1 Kg7 29. g3 Rd4 30. Rxd4 cxd4 31. Qe4 Rf8 32. Qxd4 Qc5 33. Qxd7+ Rf7
34. Qd2 Qxc4 35. Rc1 Qe4 36. Re1 Qc4 37. Rc1 Qe4 38. Re1 Qf5 39. Re3 a5 40. Kg2
g4 41. Kg1 Rc7 42. Rd3 Kg6 43. Qd1 Rc1 44. Qxc1 Qxd3 45. h3 gxh3 46. Kh2 Qf3
47. Kxh3 Qxf2 48. Qc8 Qf1+ 49. Kh2 Qe2+ 50. Kh3 Qf1+ 51. Kh2 Qe2+ 52. Kh3 Kf5
53. Qg8 Qh5+ 54. Kg2 Qe2+ 55. Kh3 Qh5+ 56. Kg2 Kxe5 57. Qb8+ Kd4 58. Qf4+ Kd3
59. g4 Qd5+ 60. Kg3 b3 61. Qf1+ Kc2 62. Qe2+ Kb1 63. Kh4 b2 0-1

[Event "21. Open Internacional de Sants"]
[Site "Barcelona ESP"]
[Date "2009.08.23"]
[Round "3.8"]
[White "Cruz, Cristhian"]
[Black "Cuadras Avellana, Jorge"]
[Result "1-0"]
[WhiteElo "2525"]
[BlackElo "2331"]
[PlyCount "71"]
[EventDate "2009.08.21"]
[EventType "swiss"]
[EventRounds "10"]
[EventCountry "ESP"]
[Source "lmi"]
[SourceDate "2009.08.21"]

1. d4 Nf6 2. c4 e6 3. Nc3 Bb4 4. Qc2 O-O 5. a3 Bxc3+ 6. Qxc3 b6 7. Bg5 Bb7 8.
e3 d6 9. Ne2 Nbd7 10. Qc2 h6 11. Bh4 Be4 12. Qd2 e5 13. Nc3 Bh7 14. Be2 Re8 15.
Bf3 exd4 16. Qxd4 g5 17. Bg3 Nc5 18. Bxa8 Nb3 19. Qd1 Nxa1 20. Bc6 Nc2+ 21. Kd2
Qe7 22. Qe2 Rd8 23. Rc1 d5 24. Rxc2 dxc4+ 25. Kc1 Bxc2 26. Kxc2 Qe6 27. Bb5 Ne4
28. Qxc4 Rd2+ 29. Kc1 Nxc3 30. Kxd2 Ne4+ 31. Kc1 Qf5 32. Bd7 Qg6 33. Qc2 f5 34.
Qxc7 f4 35. Qd8+ Kg7 36. Qe7+ 1-0

[Event "21. Open Internacional de Sants"]
[Site "Barcelona ESP"]
[Date "2009.08.23"]
[Round "3.11"]
[White "Shen, Siyuan"]
[Black "Lauber, Arnd"]
[Result "1-0"]
[WhiteElo "2321"]
[BlackElo "2517"]
[PlyCount "129"]
[EventDate "2009.08.21"]
[EventType "swiss"]
[EventRounds "10"]
[EventCountry "ESP"]
[Source "lmi"]
[SourceDate "2009.08.21"]

1. Nf3 Nf6 2. b3 d5 3. Bb2 e6 4. e3 Bd6 5. Be2 O-O 6. O-O Nbd7 7. d4 b6 8. Nbd2
Bb7 9. Ne5 Ne4 10. Nxd7 Qxd7 11. f3 Nxd2 12. Qxd2 Qe7 13. f4 f6 14. Bf3 Kh8 15.
c4 Rad8 16. Rac1 Rfe8 17. Bh5 Rf8 18. Bf3 Rfe8 19. Bh5 Rg8 20. Bf3 c5 21. cxd5
Bxd5 22. Bxd5 exd5 23. dxc5 Bxc5 24. Bd4 Ba3 25. Rcd1 Rc8 26. Qd3 Qe4 27. Qxe4
dxe4 28. Rf2 Rgd8 29. g4 Kg8 30. Kg2 Kf7 31. Rdd2 Rc1 32. Rc2 Rc8 33. Rxc8 Rxc8
34. f5 h5 35. gxh5 Rh8 36. h4 Rxh5 37. Kh3 Bd6 38. Kg4 Rh8 39. Rc2 Ke7 40. Rc4
Kd7 41. Bc3 Re8 42. Bb4 Bb8 43. Be1 b5 44. Rd4+ Kc6 45. Bg3 Bxg3 46. Kxg3 Re5
47. Kf4 Rc5 48. Rxe4 Rc2 49. Re6+ Kd5 50. e4+ Kd4 51. Rd6+ Kc5 52. Ra6 Rh2 53.
Kg3 Re2 54. Rxa7 Rxe4 55. Rxg7 Re2 56. Ra7 Rd2 57. Ra6 Kd5 58. Rxf6 Rxa2 59.
Re6 Ra1 60. Re3 Rf1 61. Rf3 Rg1+ 62. Kf2 Rg8 63. f6 Ke6 64. f7 Rf8 65. Ke3 1-0

[Event "21. Open Internacional de Sants"]
[Site "Barcelona ESP"]
[Date "2009.08.23"]
[Round "3.12"]
[White "Ferretti, Folco"]
[Black "Gonzalez Garcia, Jose"]
[Result "0-1"]
[WhiteElo "2313"]
[BlackElo "2509"]
[PlyCount "72"]
[EventDate "2009.08.21"]
[EventType "swiss"]
[EventRounds "10"]
[EventCountry "ESP"]
[Source "lmi"]
[SourceDate "2009.08.21"]

1. c4 Nf6 2. Nc3 e5 3. Nf3 Nc6 4. e3 Bb4 5. Qc2 Bxc3 6. Qxc3 Qe7 7. Be2 O-O 8.
O-O d5 9. cxd5 Nxd5 10. Qc2 Ndb4 11. Qc3 Bf5 12. a3 Nc2 13. Ra2 N2d4 14. exd4
exd4 15. Qc4 Be6 16. Qb5 Bxa2 17. Bd3 a6 18. Qh5 g6 19. Qh6 Bd5 20. Re1 Qf6 21.
Be4 Bxe4 22. Rxe4 Rfe8 23. Rh4 Qg7 24. Qxg7+ Kxg7 25. b4 f6 26. Kf1 Rad8 27.
Bb2 Ne5 28. Rxd4 Nxf3 29. gxf3 Rxd4 30. Bxd4 Rd8 31. Bc3 Rd5 32. Kg2 Kf7 33. f4
Rd3 34. f3 Ke6 35. Kf2 Kf5 36. Ke2 Rd6 0-1

[Event "21. Open Internacional de Sants"]
[Site "Barcelona ESP"]
[Date "2009.08.23"]
[Round "3.13"]
[White "Reinaldo Castineira, Roi"]
[Black "Kubecka, David"]
[Result "1-0"]
[WhiteElo "2503"]
[BlackElo "2304"]
[PlyCount "61"]
[EventDate "2009.08.21"]
[EventType "swiss"]
[EventRounds "10"]
[EventCountry "ESP"]
[Source "lmi"]
[SourceDate "2009.08.21"]

1. e4 c6 2. d4 d5 3. e5 Bf5 4. Nf3 e6 5. Be2 c5 6. O-O Nc6 7. c3 Bg4 8. Be3
Nge7 9. dxc5 Bxf3 10. Bxf3 Nf5 11. b4 Nxe3 12. fxe3 Qg5 13. Qe1 O-O-O 14. c4
Qxe5 15. cxd5 exd5 16. Na3 f5 17. Nc2 g6 18. Rc1 a6 19. a4 Bh6 20. b5 axb5 21.
axb5 Nb8 22. Qa5 Rhe8 23. Kh1 Re7 24. c6 bxc6 25. Nd4 Qc7 26. b6 Qb7 27. Bxd5
Re5 28. Be6+ Rxe6 29. Nxe6 Rd6 30. Nc5 Qe7 31. b7+ 1-0

[Event "21. Open Internacional de Sants"]
[Site "Barcelona ESP"]
[Date "2009.08.23"]
[Round "3.14"]
[White "Douriet Duany, Alexis"]
[Black "Karlsson, Lars"]
[Result "1-0"]
[WhiteElo "2306"]
[BlackElo "2468"]
[PlyCount "78"]
[EventDate "2009.08.21"]
[EventType "swiss"]
[EventRounds "10"]
[EventCountry "ESP"]
[Source "lmi"]
[SourceDate "2009.08.21"]

1. d4 d6 2. Nf3 g6 3. g3 Bg7 4. Bg2 Nc6 5. d5 Nb8 6. Nd4 Nf6 7. O-O O-O 8. c4
c5 9. dxc6 Nxc6 10. Nxc6 bxc6 11. Nc3 Bd7 12. Qd2 Qc8 13. Rd1 Bh3 14. Bh1 Rd8
15. b3 d5 16. cxd5 cxd5 17. Bb2 d4 18. Na4 e5 19. Rac1 Qf5 20. Bxa8 Rxa8 21.
Qd3 Qe6 22. Qc4 Qg4 23. Qc6 Rd8 24. Qf3 Qg5 25. Rc5 Bg4 26. Qd3 Qh5 27. f3 e4
28. Qd2 Qh3 29. Qf4 exf3 30. exf3 Bf5 31. Qh4 Qxh4 32. gxh4 d3 33. Kf2 Nd5 34.
Bxg7 Kxg7 35. Nc3 Nxc3 36. Rxc3 Rd7 37. Rd2 Kh6 38. Rc8 Kh5 39. Kg3 Re7 1-0

[Event "21. Open Internacional de Sants"]
[Site "Barcelona ESP"]
[Date "2009.08.23"]
[Round "3.17"]
[White "Vila Gazquez, Xavier"]
[Black "Banos, Oscar"]
[Result "1-0"]
[WhiteElo "2457"]
[BlackElo "2253"]
[PlyCount "95"]
[EventDate "2009.08.21"]
[EventType "swiss"]
[EventRounds "10"]
[EventCountry "ESP"]
[Source "lmi"]
[SourceDate "2009.08.21"]

1. e4 e5 2. Nf3 d6 3. d4 exd4 4. Nxd4 Nf6 5. Nc3 Be7 6. g3 d5 7. e5 Ng4 8. Bg2
Nxe5 9. O-O c6 10. Re1 Ng6 11. h4 O-O 12. h5 Nh8 13. h6 g6 14. Bf4 Na6 15. Qd2
f6 16. Re2 g5 17. Qe1 Ng6 18. Bd2 Ne5 19. Bxg5 fxg5 20. Rxe5 Bf6 21. Ne6 Qd6
22. Re2 Re8 23. Ng7 Rxe2 24. Qxe2 Bd7 25. Qh5 Rf8 26. Rf1 Nc7 27. f4 Bxc3 28.
bxc3 gxf4 29. gxf4 Rxf4 30. Qg5 Rxf1+ 31. Kxf1 Qg6 32. Qd8+ Ne8 33. Qxd7 Nxg7
34. Qxg7+ Qxg7 35. hxg7 Kxg7 36. Bh3 b6 37. Bc8 c5 38. Bb7 d4 39. cxd4 cxd4 40.
Ke2 Kf6 41. Kd3 Ke5 42. Ba8 h5 43. Bb7 h4 44. Bh1 Kf4 45. Kxd4 Kg3 46. Bd5 h3
47. c4 h2 48. a4 1-0

[Event "21. Open Internacional de Sants"]
[Site "Barcelona ESP"]
[Date "2009.08.23"]
[Round "3.18"]
[White "Larino Nieto, David"]
[Black "Robles Garcia, Claudia"]
[Result "1-0"]
[WhiteElo "2455"]
[BlackElo "2242"]
[PlyCount "129"]
[EventDate "2009.08.21"]
[EventType "swiss"]
[EventRounds "10"]
[EventCountry "ESP"]
[Source "lmi"]
[SourceDate "2009.08.21"]

1. Nf3 c5 2. g3 Nc6 3. Bg2 g6 4. O-O Bg7 5. c4 e5 6. Nc3 Nge7 7. a3 O-O 8. Rb1
a5 9. d3 d6 10. Bd2 Rb8 11. Ne1 Be6 12. Nc2 d5 13. cxd5 Nxd5 14. Nxd5 Bxd5 15.
Bxd5 Qxd5 16. Ne3 Qe6 17. b4 axb4 18. axb4 b6 19. b5 Nd4 20. Bc3 Nf5 21. Nxf5
Qxf5 22. Qa4 Rfe8 23. f3 Bh6 24. Kg2 Ra8 25. Qc4 Be3 26. Ra1 Bd4 27. Rxa8 Rxa8
28. Bd2 Qe6 29. Qxe6 fxe6 30. e3 Ra2 31. Rf2 Ba1 32. Kf1 Kf7 33. Ke1 Ke7 34.
Kd1 Bc3 35. Re2 Bxd2 36. Rxd2 Ra1+ 37. Kc2 Ra5 38. Kc3 Rxb5 39. Ra2 Kf6 40. Ra7
Rb4 41. h4 h5 42. e4 g5 43. Ra8 Rb1 44. hxg5+ Kxg5 45. Kd2 Rb2+ 46. Ke3 b5 47.
f4+ exf4+ 48. gxf4+ Kg6 49. Rg8+ Kf7 50. Rg5 Rc2 51. Rxh5 b4 52. Rh7+ Kf6 53.
e5+ Kg6 54. Re7 b3 55. Rxe6+ Kf7 56. Rb6 b2 57. Ke4 c4 58. Rb7+ Kf8 59. dxc4
Rxc4+ 60. Kf5 Rc2 61. Kf6 Kg8 62. e6 Rf2 63. f5 Rg2 64. e7 Re2 65. Rxb2 1-0

[Event "21. Open Internacional de Sants"]
[Site "Barcelona ESP"]
[Date "2009.08.24"]
[Round "4.2"]
[White "Fier, Alexandr"]
[Black "Grafl, Florian"]
[Result "1-0"]
[WhiteElo "2604"]
[BlackElo "2426"]
[PlyCount "77"]
[EventDate "2009.08.21"]
[EventType "swiss"]
[EventRounds "10"]
[EventCountry "ESP"]
[Source "lmi"]
[SourceDate "2009.08.21"]

1. d4 f5 2. b3 Nf6 3. Bb2 e6 4. e3 Be7 5. h3 O-O 6. Bd3 b6 7. Qf3 Nc6 8. a3 Bb7
9. Qe2 Ne4 10. Nd2 Bh4 11. Bxe4 fxe4 12. g3 Bg5 13. h4 Bh6 14. g4 g6 15. Nxe4
Ne5 16. dxe5 Bxe4 17. f3 Bc6 18. O-O-O Qe7 19. h5 Qc5 20. hxg6 Qxe3+ 21. Kb1
hxg6 22. Qh2 Bg7 23. Rd3 Qf4 24. Qh7+ Kf7 25. Ne2 Qg5 26. Rhd1 Rad8 27. Qh2 Rh8
28. Qg3 Ke7 29. Nd4 Bb7 30. Bc1 Qxe5 31. Bf4 Qf6 32. g5 Qf7 33. Bxc7 Rc8 34.
Re1 Bxd4 35. Rxd4 Bc6 36. Rf4 Qh7 37. Rf6 Rxc7 38. Qxc7 Qh2 39. Rexe6# 1-0

[Event "21. Open Internacional de Sants"]
[Site "Barcelona ESP"]
[Date "2009.08.24"]
[Round "4.3"]
[White "Ipatov, Alexander"]
[Black "Solodovnichenko, Yuri"]
[Result "1-0"]
[WhiteElo "2454"]
[BlackElo "2596"]
[PlyCount "63"]
[EventDate "2009.08.21"]
[EventType "swiss"]
[EventRounds "10"]
[EventCountry "ESP"]
[Source "lmi"]
[SourceDate "2009.08.21"]

1. d4 g6 2. c4 Bg7 3. e4 c5 4. d5 d6 5. Bd3 e6 6. Nc3 exd5 7. cxd5 a6 8. a4 Ne7
9. Bg5 h6 10. Be3 f5 11. Nge2 g5 12. f4 fxe4 13. Bxe4 g4 14. Ng3 h5 15. Qc2 h4
16. Nf5 Nxf5 17. Bxf5 O-O 18. Bh7+ Kh8 19. Ne4 Qe7 20. O-O-O Bh6 21. Bg6 Rg8
22. Qc3+ Bg7 23. Qc2 Bh6 24. Qc3+ Bg7 25. Qd3 Bxb2+ 26. Kxb2 Qg7+ 27. Bd4 cxd4
28. f5 Nd7 29. Nxd6 Ne5 30. Qxd4 Rf8 31. Rhe1 Nxg6 32. fxg6 1-0

[Event "21. Open Internacional de Sants"]
[Site "Barcelona ESP"]
[Date "2009.08.24"]
[Round "4.6"]
[White "Vitoux, Colomban"]
[Black "Kunin, Vitaly"]
[Result "1/2-1/2"]
[WhiteElo "2423"]
[BlackElo "2532"]
[PlyCount "102"]
[EventDate "2009.08.21"]
[EventType "swiss"]
[EventRounds "10"]
[EventCountry "ESP"]
[Source "lmi"]
[SourceDate "2009.08.21"]

1. e4 e5 2. d4 exd4 3. Nf3 Bb4+ 4. c3 dxc3 5. Nxc3 Ne7 6. Bc4 O-O 7. O-O Bxc3
8. bxc3 Nbc6 9. Bg5 d6 10. Nd4 Kh8 11. Rb1 Nxd4 12. cxd4 f6 13. Bf4 d5 14. Bxd5
Nxd5 15. exd5 Qxd5 16. Bxc7 Bf5 17. Rc1 b6 18. Re1 Rfe8 19. Qh5 Qd7 20. Qf3 Be6
21. a3 Bd5 22. Qg3 Rxe1+ 23. Rxe1 Re8 24. Rxe8+ Qxe8 25. Qc3 Qe4 26. f3 Qb1+
27. Kf2 Qa2+ 28. Kg3 Bc4 29. Qe3 h6 30. h4 Bd5 31. Bf4 Kh7 32. Qd3+ Kg8 33. Qc3
Bc4 34. Qe3 Kf7 35. Bd6 Be6 36. Qe4 Qd5 37. Qxd5 Bxd5 38. Bb8 a6 39. Ba7 b5 40.
Bc5 g5 41. hxg5 fxg5 42. Kf2 h5 43. Bb4 Ke6 44. Bd2 Kf5 45. Ba5 g4 46. fxg4+
hxg4 47. g3 Ke4 48. Ke2 Kxd4 49. Kd2 Be4 50. Kc1 Kc4 51. Kb2 Bf3 1/2-1/2

[Event "21. Open Internacional de Sants"]
[Site "Barcelona ESP"]
[Date "2009.08.24"]
[Round "4.7"]
[White "Alsina Leal, Daniel"]
[Black "Lanzani, Mario"]
[Result "1/2-1/2"]
[WhiteElo "2529"]
[BlackElo "2361"]
[PlyCount "109"]
[EventDate "2009.08.21"]
[EventType "swiss"]
[EventRounds "10"]
[EventCountry "ESP"]
[Source "lmi"]
[SourceDate "2009.08.21"]

1. e4 e5 2. Nf3 Nc6 3. Bb5 a6 4. Ba4 Nf6 5. O-O Nxe4 6. d4 b5 7. Bb3 d5 8. dxe5
Be6 9. Nbd2 Be7 10. c3 O-O 11. Bc2 f5 12. Nb3 Qd7 13. Nfd4 Nxd4 14. Nxd4 c5 15.
Nxe6 Qxe6 16. f3 Ng5 17. a4 Rad8 18. axb5 axb5 19. Ra7 Rd7 20. Rxd7 Qxd7 21.
Be3 Ne6 22. f4 g6 23. g4 Ng7 24. h3 h5 25. gxh5 Nxh5 26. Kh2 Kf7 27. Qf3 Ng7
28. Ra1 Rb8 29. Qg2 Ne6 30. Rg1 Nf8 31. Bb3 Rd8 32. Rd1 c4 33. Bc2 Qc6 34. b4
Ne6 35. Rg1 Nc7 36. Bd1 Ra8 37. Bf3 Ra3 38. Bh5 Ra6 39. Bd4 Qe6 40. Kh1 Rc6 41.
Ba7 Bd8 42. Bb8 Ra6 43. Qf3 Qe8 44. Bxc7 Bxc7 45. Qxd5+ Kg7 46. Bf3 Ra3 47. Qc5
Bb8 48. Bc6 Qd8 49. e6 Qh4 50. Bg2 Qxf4 51. Qe7+ Kh6 52. Qf8+ Kh7 53. Qf7+ Kh6
54. Qf8+ Kh7 55. Qf7+ 1/2-1/2

[Event "21. Open Internacional de Sants"]
[Site "Barcelona ESP"]
[Date "2009.08.24"]
[Round "4.8"]
[White "Pitl, Gregory"]
[Black "Cruz, Cristhian"]
[Result "1/2-1/2"]
[WhiteElo "2405"]
[BlackElo "2525"]
[PlyCount "39"]
[EventDate "2009.08.21"]
[EventType "swiss"]
[EventRounds "10"]
[EventCountry "ESP"]
[Source "lmi"]
[SourceDate "2009.08.21"]

1. d4 Nf6 2. c4 e6 3. g3 d5 4. Nf3 Bb4+ 5. Bd2 a5 6. Bg2 dxc4 7. Qc2 Nc6 8.
Qxc4 Qd5 9. Qd3 Qe4 10. Qxe4 Nxe4 11. Bxb4 axb4 12. Nfd2 Nxd2 13. Bxc6+ bxc6
14. Nxd2 Ba6 15. a3 bxa3 16. Rxa3 Ke7 17. Nb3 Rab8 18. Rxa6 Rxb3 19. Rxc6 Kd7
20. Rc2 1/2-1/2

[Event "21. Open Internacional de Sants"]
[Site "Barcelona ESP"]
[Date "2009.08.24"]
[Round "4.9"]
[White "Almeida Quintana, Omar"]
[Black "Shen, Siyuan"]
[Result "1-0"]
[WhiteElo "2524"]
[BlackElo "2321"]
[PlyCount "101"]
[EventDate "2009.08.21"]
[EventType "swiss"]
[EventRounds "10"]
[EventCountry "ESP"]
[Source "lmi"]
[SourceDate "2009.08.21"]

1. d4 d5 2. Nf3 Nf6 3. c4 c6 4. Nc3 e6 5. Bg5 Nbd7 6. cxd5 exd5 7. e3 Be7 8.
Bd3 Nh5 9. Bxe7 Qxe7 10. O-O O-O 11. Qc2 g6 12. Rab1 Nb6 13. b4 a6 14. Rfe1 Be6
15. Nd2 Ng7 16. f3 Rfd8 17. Nb3 Nf5 18. Nc5 Nd6 19. Re2 Bf5 20. e4 dxe4 21.
fxe4 Bg4 22. Rf2 Nb5 23. Bxb5 axb5 24. Rbf1 Be6 25. d5 cxd5 26. Nxb5 Rf8 27.
Nxe6 fxe6 28. Qc7 Qxc7 29. Nxc7 Rxf2 30. Rxf2 Rc8 31. Nxe6 dxe4 32. Re2 Rc4 33.
Nc5 Nd5 34. Rxe4 Rxe4 35. Nxe4 Nxb4 36. a4 Nd3 37. a5 Kf8 38. Nd6 Nc5 39. Nxb7
Na6 40. Kf2 Ke7 41. Ke3 Kd7 42. Kd4 Kc6 43. Nd8+ Kb5 44. Ne6 h6 45. Ke5 Nb4 46.
Kf6 g5 47. Kg6 Nd3 48. Kxh6 Ne1 49. g4 Nf3 50. h3 Kxa5 51. Nxg5 1-0

[Event "21. Open Internacional de Sants"]
[Site "Barcelona ESP"]
[Date "2009.08.24"]
[Round "4.10"]
[White "Cuartas, Jaime Alexander"]
[Black "Douriet Duany, Alexis"]
[Result "1/2-1/2"]
[WhiteElo "2521"]
[BlackElo "2306"]
[PlyCount "208"]
[EventDate "2009.08.21"]
[EventType "swiss"]
[EventRounds "10"]
[EventCountry "ESP"]
[Source "lmi"]
[SourceDate "2009.08.21"]

1. e4 g6 2. d4 Bg7 3. Nf3 c6 4. Nc3 d6 5. a4 Qa5 6. h3 Nf6 7. Bd3 Nbd7 8. Bd2
Qc7 9. O-O O-O 10. Re1 e5 11. Be3 exd4 12. Bxd4 Ne5 13. Bf1 Nfd7 14. Nd2 Bh6
15. Be3 Bxe3 16. Rxe3 Nf6 17. a5 Nh5 18. Nc4 Nxc4 19. Bxc4 Be6 20. Qd4 Rfe8 21.
Be2 Nf4 22. Bf1 a6 23. e5 dxe5 24. Rxe5 Bf5 25. Rae1 Rxe5 26. Rxe5 Nd5 27. Nxd5
cxd5 28. Qxd5 Bxc2 29. Bc4 Rc8 30. b3 Bf5 31. Qd4 Rd8 32. Qc5 Rd1+ 33. Kh2 Qxc5
34. Rxc5 Rd7 35. b4 Be6 36. Be2 Bd5 37. g4 h6 38. h4 g5 39. Kg3 Kg7 40. hxg5
hxg5 41. Bf3 Bxf3 42. Rxg5+ Kf8 43. Kxf3 Rd3+ 44. Ke2 Rb3 45. b5 axb5 46. Rc5
Kg7 47. f3 Kg6 48. Kf2 b4 49. Rb5 Ra3 50. Kg3 b3 51. Rxb7 Rxa5 52. Rxb3 Ra1 53.
Rb6+ Kg7 54. f4 Rh1 55. Ra6 Kg8 56. f5 Kg7 57. Kf4 f6 58. Ra7+ Kf8 59. Ke4 Re1+
60. Kd5 Re5+ 61. Kd4 Re1 62. Rc7 Re2 63. Rc3 Kf7 64. Kd5 Re5+ 65. Kd6 Re4 66.
Rc7+ Kf8 67. Rh7 Re1 68. Rb7 Re2 69. Kd5 Re5+ 70. Kd4 Re2 71. Kd3 Re1 72. Rb4
Kf7 73. Re4 Rg1 74. Ke3 Re1+ 75. Kf3 Rh1 76. Re2 Rb1 77. Rc2 Re1 78. Kf2 Rb1
79. Kg3 Rh1 80. Rh2 Rg1+ 81. Kh4 Kg7 82. Rb2 Rh1+ 83. Kg3 Rg1+ 84. Kf3 Kf7 85.
Rb4 Rf1+ 86. Ke4 Re1+ 87. Kd5 Re5+ 88. Kd6 Re1 89. Rd4 Re2 90. Ra4 Re1 91. Ra7+
Kf8 92. Rd7 Re2 93. Rc7 Re1 94. Kd7 Re4 95. Kd6 Re1 96. Rc4 Kf7 97. Kd5 Re5+
98. Kd4 Re1 99. Kd3 Rg1 100. Ke3 Re1+ 101. Kf3 Rg1 102. Kf2 Rb1 103. Rc7+ Kf8
104. Kg3 Rg1+ 1/2-1/2

[Event "21. Open Internacional de Sants"]
[Site "Barcelona ESP"]
[Date "2009.08.24"]
[Round "4.13"]
[White "Mestre Bellido, Hector"]
[Black "Vila Gazquez, Xavier"]
[Result "1-0"]
[WhiteElo "2292"]
[BlackElo "2457"]
[PlyCount "79"]
[EventDate "2009.08.21"]
[EventType "swiss"]
[EventRounds "10"]
[EventCountry "ESP"]
[Source "lmi"]
[SourceDate "2009.08.21"]

1. e4 c5 2. Nf3 e6 3. d4 cxd4 4. Nxd4 a6 5. c4 Nf6 6. Nc3 Bb4 7. Qf3 Qc7 8. Nc2
Be7 9. Qg3 Qxg3 10. hxg3 d6 11. Be2 O-O 12. g4 Nfd7 13. g5 f6 14. gxf6 Bxf6 15.
Be3 Nc6 16. O-O-O Bxc3 17. bxc3 Nc5 18. f3 Na4 19. Rxd6 Nxc3 20. Bd3 Nxa2+ 21.
Kb2 Nab4 22. Nxb4 Nxb4 23. Bb1 Nc6 24. Rhd1 Ne5 25. Ba2 Nf7 26. R6d2 Re8 27.
Bb6 h6 28. c5 Kf8 29. f4 g6 30. Bb3 Kg7 31. g3 Rf8 32. e5 h5 33. Ka3 Rh8 34.
Bd8 Kh7 35. Bf6 Rf8 36. g4 hxg4 37. Bc2 Kg8 38. Rh1 Re8 39. Bxg6 b5 40. Rdh2
1-0

[Event "21. Open Internacional de Sants"]
[Site "Barcelona ESP"]
[Date "2009.08.24"]
[Round "4.14"]
[White "Narciso Dublan, Marc"]
[Black "Lillo Ferrer, Jose Maria M"]
[Result "1-0"]
[WhiteElo "2553"]
[BlackElo "2171"]
[PlyCount "51"]
[EventDate "2009.08.21"]
[EventType "swiss"]
[EventRounds "10"]
[EventCountry "ESP"]
[Source "lmi"]
[SourceDate "2009.08.21"]

1. c4 d6 2. g3 e5 3. Bg2 f5 4. Nc3 Nf6 5. d3 Be7 6. e4 c6 7. Nge2 O-O 8. Be3
Na6 9. Qd2 Kh8 10. h3 Be6 11. exf5 Bxf5 12. g4 Be6 13. f4 Bg8 14. O-O Nd7 15.
Ng3 exf4 16. Bxf4 Ne5 17. Nf5 Be6 18. Nxe7 Qxe7 19. Ne4 Bg8 20. Rae1 Rae8 21.
Qc3 Rxf4 22. Rxf4 d5 23. Nd2 Qc7 24. Rff1 Nc5 25. d4 Na4 26. Qb3 1-0

[Event "21. Open Internacional de Sants"]
[Site "Barcelona ESP"]
[Date "2009.08.24"]
[Round "4.15"]
[White "Giffard, Nicolas"]
[Black "Milov, Leonid"]
[Result "1-0"]
[WhiteElo "2357"]
[BlackElo "2562"]
[PlyCount "83"]
[EventDate "2009.08.21"]
[EventType "swiss"]
[EventRounds "10"]
[EventCountry "ESP"]
[Source "lmi"]
[SourceDate "2009.08.21"]

1. d4 Nf6 2. c4 c5 3. d5 a6 4. g3 b5 5. Bg2 d6 6. Nh3 g6 7. f4 Bg7 8. Nf2 Ng4
9. Nxg4 Bxg4 10. O-O Bd4+ 11. Kh1 h5 12. Nd2 h4 13. gxh4 Nd7 14. Nf3 Bf6 15.
Qd3 bxc4 16. Qxc4 Qb6 17. e4 Qb5 18. Qc2 Bxh4 19. Nxh4 Rxh4 20. Qf2 Rh7 21. Qg3
Be2 22. Re1 Qd3 23. Qxd3 Bxd3 24. Re3 c4 25. b3 Nf6 26. Kg1 Ng4 27. Rg3 f5 28.
bxc4 Bxc4 29. Rc3 Be2 30. h3 Nf6 31. e5 Ne4 32. Rc7 Kd8 33. exd6 Nxd6 34. Rc3
Ne4 35. Rc6 Nd6 36. Ba3 Bb5 37. Bxd6 exd6 38. Rxd6+ Ke7 39. Rxg6 Kf7 40. Rg5
Bd3 41. Rc1 Ra7 42. Kf2 1-0